<?xml version="1.0" encoding="UTF-8"?>
<record
    xmlns:xsi="http://www.w3.org/2001/XMLSchema-instance"
    xsi:schemaLocation="http://www.loc.gov/MARC21/slim http://www.loc.gov/standards/marcxml/schema/MARC21slim.xsd"
    xmlns="http://www.loc.gov/MARC21/slim">

  <leader>00560nam a22002057a 4500</leader>
  <controlfield tag="001">BT-PhCST</controlfield>
  <controlfield tag="003">OSt</controlfield>
  <controlfield tag="005">20190204161650.0</controlfield>
  <controlfield tag="008">180423b        xxu||||| |||| 00| 0 eng </controlfield>
  <datafield tag="020" ind1=" " ind2=" ">
    <subfield code="a">0070590346</subfield>
  </datafield>
  <datafield tag="040" ind1=" " ind2=" ">
    <subfield code="a">BT-PhCST</subfield>
    <subfield code="c">BT-PhCST</subfield>
    <subfield code="d">BT-PhCST</subfield>
  </datafield>
  <datafield tag="050" ind1=" " ind2=" ">
    <subfield code="a">6244-6251</subfield>
  </datafield>
  <datafield tag="082" ind1=" " ind2=" ">
    <subfield code="2">22</subfield>
    <subfield code="a">620.1</subfield>
    <subfield code="b">EVE</subfield>
  </datafield>
  <datafield tag="100" ind1=" " ind2=" ">
    <subfield code="a">Evett, Jack B...et al.</subfield>
  </datafield>
  <datafield tag="245" ind1=" " ind2=" ">
    <subfield code="a">2500 sloved problems in fluid mechanics and hydraulics /</subfield>
  </datafield>
  <datafield tag="260" ind1=" " ind2=" ">
    <subfield code="a">New Delhi,</subfield>
    <subfield code="b">Tata Mcgraw Hill,</subfield>
    <subfield code="c">c2004.</subfield>
  </datafield>
  <datafield tag="300" ind1=" " ind2=" ">
    <subfield code="a">x, 797 p. ;</subfield>
    <subfield code="b">ill ;</subfield>
    <subfield code="c">27 cm.</subfield>
  </datafield>
  <datafield tag="700" ind1=" " ind2=" ">
    <subfield code="a">Liu, Cheng.</subfield>
  </datafield>
  <datafield tag="942" ind1=" " ind2=" ">
    <subfield code="2">ddc</subfield>
    <subfield code="c">MEC</subfield>
    <subfield code="0">10</subfield>
  </datafield>
  <datafield tag="999" ind1=" " ind2=" ">
    <subfield code="c">2</subfield>
    <subfield code="d">2</subfield>
  </datafield>
  <datafield tag="952" ind1=" " ind2=" ">
    <subfield code="0">0</subfield>
    <subfield code="1">0</subfield>
    <subfield code="2">ddc</subfield>
    <subfield code="4">0</subfield>
    <subfield code="7">1</subfield>
    <subfield code="8">REF</subfield>
    <subfield code="a">LIB001</subfield>
    <subfield code="b">LIB001</subfield>
    <subfield code="d">2014-05-22</subfield>
    <subfield code="g">243.00</subfield>
    <subfield code="l">1</subfield>
    <subfield code="o">620.1</subfield>
    <subfield code="p">26685</subfield>
    <subfield code="r">2014-06-05 00:00:00</subfield>
    <subfield code="s">2014-06-05</subfield>
    <subfield code="t">1</subfield>
    <subfield code="v">536.00</subfield>
    <subfield code="w">2014-05-22</subfield>
    <subfield code="y">CIVIL</subfield>
  </datafield>
  <datafield tag="952" ind1=" " ind2=" ">
    <subfield code="0">0</subfield>
    <subfield code="1">0</subfield>
    <subfield code="2">ddc</subfield>
    <subfield code="4">0</subfield>
    <subfield code="7">0</subfield>
    <subfield code="8">NFIC</subfield>
    <subfield code="a">LIB001</subfield>
    <subfield code="b">LIB001</subfield>
    <subfield code="d">2014-05-22</subfield>
    <subfield code="g">243.00</subfield>
    <subfield code="l">4</subfield>
    <subfield code="m">9</subfield>
    <subfield code="o">620.1</subfield>
    <subfield code="p">26686</subfield>
    <subfield code="r">2025-09-03 00:00:00</subfield>
    <subfield code="s">2025-07-22</subfield>
    <subfield code="t">1</subfield>
    <subfield code="v">536.00</subfield>
    <subfield code="w">2014-05-22</subfield>
    <subfield code="y">CIVIL</subfield>
  </datafield>
  <datafield tag="952" ind1=" " ind2=" ">
    <subfield code="0">0</subfield>
    <subfield code="1">0</subfield>
    <subfield code="2">ddc</subfield>
    <subfield code="4">0</subfield>
    <subfield code="7">0</subfield>
    <subfield code="8">NFIC</subfield>
    <subfield code="a">LIB001</subfield>
    <subfield code="b">LIB001</subfield>
    <subfield code="d">2014-05-22</subfield>
    <subfield code="g">243.00</subfield>
    <subfield code="l">3</subfield>
    <subfield code="m">7</subfield>
    <subfield code="o">620.1</subfield>
    <subfield code="p">26687</subfield>
    <subfield code="r">2025-11-29 00:00:00</subfield>
    <subfield code="s">2025-08-19</subfield>
    <subfield code="t">1</subfield>
    <subfield code="v">536.00</subfield>
    <subfield code="w">2014-05-22</subfield>
    <subfield code="y">CIVIL</subfield>
  </datafield>
  <datafield tag="952" ind1=" " ind2=" ">
    <subfield code="0">0</subfield>
    <subfield code="1">0</subfield>
    <subfield code="2">ddc</subfield>
    <subfield code="4">0</subfield>
    <subfield code="7">0</subfield>
    <subfield code="8">NFIC</subfield>
    <subfield code="a">LIB001</subfield>
    <subfield code="b">LIB001</subfield>
    <subfield code="d">2014-05-22</subfield>
    <subfield code="g">243.00</subfield>
    <subfield code="l">3</subfield>
    <subfield code="m">8</subfield>
    <subfield code="o">620.1</subfield>
    <subfield code="p">26688</subfield>
    <subfield code="r">2021-12-18 00:00:00</subfield>
    <subfield code="s">2021-12-04</subfield>
    <subfield code="t">1</subfield>
    <subfield code="v">536.00</subfield>
    <subfield code="w">2014-05-22</subfield>
    <subfield code="y">CIVIL</subfield>
  </datafield>
  <datafield tag="952" ind1=" " ind2=" ">
    <subfield code="0">0</subfield>
    <subfield code="1">0</subfield>
    <subfield code="2">ddc</subfield>
    <subfield code="4">0</subfield>
    <subfield code="7">0</subfield>
    <subfield code="8">NFIC</subfield>
    <subfield code="a">LIB001</subfield>
    <subfield code="b">LIB001</subfield>
    <subfield code="d">2014-05-22</subfield>
    <subfield code="g">243.00</subfield>
    <subfield code="l">2</subfield>
    <subfield code="m">5</subfield>
    <subfield code="o">620.1</subfield>
    <subfield code="p">26689</subfield>
    <subfield code="r">2017-06-03 00:00:00</subfield>
    <subfield code="s">2014-08-18</subfield>
    <subfield code="t">1</subfield>
    <subfield code="v">536.00</subfield>
    <subfield code="w">2014-05-22</subfield>
    <subfield code="y">CIVIL</subfield>
  </datafield>
  <datafield tag="952" ind1=" " ind2=" ">
    <subfield code="0">0</subfield>
    <subfield code="1">0</subfield>
    <subfield code="2">ddc</subfield>
    <subfield code="4">0</subfield>
    <subfield code="7">0</subfield>
    <subfield code="8">NFIC</subfield>
    <subfield code="a">LIB001</subfield>
    <subfield code="b">LIB001</subfield>
    <subfield code="d">2014-05-22</subfield>
    <subfield code="g">243.00</subfield>
    <subfield code="l">2</subfield>
    <subfield code="m">6</subfield>
    <subfield code="o">620.1</subfield>
    <subfield code="p">26690</subfield>
    <subfield code="r">2025-11-29 00:00:00</subfield>
    <subfield code="s">2025-08-20</subfield>
    <subfield code="t">1</subfield>
    <subfield code="v">536.00</subfield>
    <subfield code="w">2014-05-22</subfield>
    <subfield code="y">CIVIL</subfield>
  </datafield>
  <datafield tag="952" ind1=" " ind2=" ">
    <subfield code="0">0</subfield>
    <subfield code="1">0</subfield>
    <subfield code="2">ddc</subfield>
    <subfield code="4">0</subfield>
    <subfield code="7">0</subfield>
    <subfield code="8">NFIC</subfield>
    <subfield code="a">LIB001</subfield>
    <subfield code="b">LIB001</subfield>
    <subfield code="d">2014-05-22</subfield>
    <subfield code="g">243.00</subfield>
    <subfield code="l">0</subfield>
    <subfield code="o">620.1</subfield>
    <subfield code="p">26691</subfield>
    <subfield code="r">2014-05-22 00:00:00</subfield>
    <subfield code="t">1</subfield>
    <subfield code="v">536.00</subfield>
    <subfield code="w">2014-05-22</subfield>
    <subfield code="y">CIVIL</subfield>
  </datafield>
  <datafield tag="952" ind1=" " ind2=" ">
    <subfield code="0">0</subfield>
    <subfield code="1">0</subfield>
    <subfield code="2">ddc</subfield>
    <subfield code="4">0</subfield>
    <subfield code="7">0</subfield>
    <subfield code="8">NFIC</subfield>
    <subfield code="a">LIB001</subfield>
    <subfield code="b">LIB001</subfield>
    <subfield code="d">2014-05-22</subfield>
    <subfield code="g">243.00</subfield>
    <subfield code="l">3</subfield>
    <subfield code="m">14</subfield>
    <subfield code="o">620.1</subfield>
    <subfield code="p">26692</subfield>
    <subfield code="r">2016-12-03 00:00:00</subfield>
    <subfield code="s">2016-08-02</subfield>
    <subfield code="t">1</subfield>
    <subfield code="v">536.00</subfield>
    <subfield code="w">2014-05-22</subfield>
    <subfield code="y">CIVIL</subfield>
  </datafield>
</record>
